Statistiche per Bandiere dell'Africa

Clicka qui per fare il quiz!

Statistiche generali

  • Questo quiz è stato fatto 5.378 volte
  • Il punteggio medio è 38 su 54

Statistiche sulle risposte

Risposta% Corretto
Sudafrica
99%
Egitto
95%
Algeria
94%
Tunisia
94%
Kenya
93%
Nigeria
92%
Angola
88%
Uganda
86%
Costa d'Avorio
85%
Marocco
85%
Liberia
79%
Seychelles
79%
Etiopia
78%
Somalia
78%
Tanzania
78%
Senegal
77%
Libia
76%
Mauritania
75%
Camerun
74%
Ghana
73%
Swaziland
73%
Burundi
72%
Capo Verde
72%
Niger
72%
Ciad
71%
Madagascar
71%
Malawi
70%
Sudan
70%
Burkina Faso
68%
Lesotho
68%
Repubblica Democratica del Congo
68%
Mali
66%
Zambia
65%
Comoros
64%
Eritrea
64%
Botswana
63%
Mozambico
62%
Sud Sudan
62%
Gabon
61%
Togo
61%
Zimbabwe
60%
Repubblica Centrafricana
58%
Benin
57%
Sierra Leone
57%
Guinea
56%
Repubblica del Congo
56%
Sao Tome e Principe
54%
Mauritius
53%
Ruanda
53%
Guinea-Bissau
52%
Gibuti
51%
Guinea Equatoriale
51%
Gambia
49%
Namibia
48%

Distribuzione punteggi

Percentile per numero di risposta

Percentuale di utenti per punteggio

I tuoi punteggi nel tempo

Non hai fatto questo quiz